| 000 | 00547nam a2200169 a 4500 | ||
|---|---|---|---|
| 005 | 20230523063628.0 | ||
| 008 | 991125s1903 nue 000 0 eng u | ||
| 035 | _aUPN01000026108 | ||
| 049 | _aCE | ||
| 050 | 4 |
_aG73 _bG46 1903 |
|
| 245 | 0 | 0 |
_aGeografía superior ilustrada de Appleton : _bgeografía universal... / _cdir. Juan García Purón. |
| 260 |
_aNueva York : _bD. Appleton, _c1903. |
||
| 300 |
_a160 p. : _bil., fotos, mapas |
||
| 650 | 4 |
_aGeografía _xEstudio y enseñanza _910181 |
|
| 700 | 1 |
_aGarcía Purón, Juan, _edir. |
|
| 905 | _aLibro | ||
| 999 |
_c26108 _d26108 |
||